000 00890cad a22002055a 4500
001 L157631
008 130208e20130202xxk 000 0 eng d
035 _a(Sirsi) u157631
041 0 _aeng
110 2 _aSavills
_92020
245 0 0 _aUK housing stock value climbs £5,000,000,000,000 as London become more dominant
260 _c2013
490 _aSavills News
_v2 February 2013
520 _aThe UK's housing stock is valued at £5 trillion as at February 2013 with the concentration of wealth in London and the South East. Lists total value of housing stock by region and by tenure.
590 _aKA
651 4 _aUnited Kingdom
_y
690 _aResidential property
_96266
856 4 0 _uhttps://www.savills.co.uk/_news/newsitem.aspx?intSitePageId=72418&intNewsSitePageId=144360-0&intNewsMonth=02&intNewsYear=2013
_zView this item free of charge at www.savills.co.uk
942 _n0
999 _c84423
_d84423